000 00420nam a2200181Ia 4500
001 11295
005 20260306162817.0
008 260306t1964||||xx |||||||||||||| ||spa||
041 _aESP
082 _a985.03
_bB25
100 _aBarreda Laos, Felipe
_eAUT
245 0 _aVida intelectual del virreinato del PerĂº
260 _c1964
300 _a
_c
650 _aGEN
654 _aCHU
942 _cLIB
_dJUS
_fJUS
_2ddc
_n
999 _c11295
_d11295